Statistics for Lego Star Wars: The Force Awakens (2016) Playable Characters

Click here to take the quiz!

General Stats

  • This quiz has been taken 243 times
  • The average score is 98 of 287

Answer Stats

HintAnswer% Correct
ResistanceGeneral Leia
93%
ResistanceGeneral Leia (Formal)
93%
ClassicPrincess Leia
93%
ClassicPrincess Leia (Endor)
93%
ClassicPrincess Leia (Ewok Village)
93%
ClassicPrincess Leia (Hoth)
93%
ClassicPrincess Leia (Jabba's Palace)
93%
JakkuRey
93%
JakkuRey (Junction Box)
93%
ResistanceRey (Resistance)
93%
JakkuRey (Scavenger)
93%
ResistanceRey (Starkiller Base)
93%
ResistanceRey (Takodana)
93%
JakkuRey (Young)
93%
ResistanceFinn
91%
First OrderFinn (FN-2187)
91%
First OrderFinn (Helmetless)
91%
JakkuFinn (Junction Box)
91%
ResistanceFinn (Starkiller Base)
91%
ResistanceFinn (Takodana)
91%
Classic | ResistanceHan Solo
91%
ClassicHan Solo (Endor)
91%
ClassicHan Solo (Hoth)
91%
ResistanceHan Solo (Starkiller Base)
91%
ClassicHan Solo (Stormtrooper)
91%
ResistanceHan Solo (Twon Ketee)
91%
First OrderKylo Ren
85%
First OrderKylo Ren (Hooded)
85%
First OrderKylo Ren (Unmasked)
85%
ClassicLuke Skywalker (Episode IV)
84%
ClassicLuke Skywalker (Episode VI)
84%
ClassicLuke Skywalker (Hoth)
84%
ClassicLuke Skywalker (Stormtrooper)
84%
ResistancePoe Dameron
81%
ResistancePoe Dameron (D'Qar)
81%
ResistancePoe Dameron (Flight Suit)
81%
ResistancePoe Dameron (Helmetless)
81%
ResistancePoe Dameron (Jakku)
81%
ResistancePoe Dameron (Prisoner)
81%
ResistanceR2-D2
79%
Classic | ResistanceC-3PO
78%
ResistanceChewbacca
77%
ResistanceChewbacca (Twon Ketee)
77%
ResistanceChewbacca (Wounded)
77%
ResistanceBB-8
74%
ClassicObi-Wan Kenobi
73%
ClassicObi-Wan Kenobi (Episode III)
73%
ClassicAnakin Skywalker
71%
ClassicAnakin Skywalker (Damaged)
71%
ClassicAnakin Skywalker (Podracer)
71%
ClassicDarth Vader
71%
First OrderFirst Order Flametrooper
71%
First OrderFirst Order Snowtrooper
71%
First OrderFirst Order Snowtrooper (Officer)
71%
First OrderFirst Order Stormtrooper
71%
First OrderFirst Order Stormtrooper (Aerobics)
71%
First OrderFirst Order Stormtrooper (Combat Engineer)
71%
First OrderFirst Order Stormtrooper (Heavy)
71%
First OrderFirst Order Stormtrooper (Hot Tub)
71%
First OrderFirst Order Stormtrooper (Sergeant)
71%
First OrderFirst Order Stormtrooper (Specialist)
71%
First OrderFN-2199
71%
ClassicImperial Snowtrooper
71%
First OrderFN-2112
70%
ClassicImperial Scout Trooper
70%
ClassicImperial Stormtrooper
70%
ClassicChancellor Palpatine
68%
ClassicThe Emperor
68%
First OrderGeneral Hux
59%
First OrderGeneral Hux (Aerobics)
59%
Classic | Clone WarsDarth Maul
58%
TakodanaMaz Kanata
58%
First OrderCaptain Phasma
56%
ClassicYoda
56%
ClassicLando Calrissian
54%
ClassicPadmé Amidala
53%
ClassicPadmé Naberrie
53%
ClassicQueen Amidala
53%
ClassicBoba Fett
51%
ClassicBoba Fett (Prototype)
51%
ClassicAdmiral Ackbar
50%
ResistanceAdmiral Ackbar (Resistance)
50%
Clone WarsCaptain Rex
47%
ClassicJango Fett
47%
ClassicMace Windu
45%
Clone WarsCommander Cody
43%
ClassicKit Fisto
43%
ClassicQui-Gon Jinn
43%
OtherGNK-143
40%
ClassicJabba the Hutt
40%
ClassicR-3PO
39%
ClassicBattle Droid Commander
38%
Clone WarsCommando Droid
38%
ClassicPlo Koon
38%
ClassicR5-D4
38%
ClassicSuper Battle Droid
38%
ClassicWicket
38%
ClassicGeneral Grievous
37%
ClassicKi-Adi-Mundi
37%
ClassicR2-Q5
37%
RebelsW1-LE
37%
Clone WarsAhsoka Tano
36%
ResistanceCO-34
36%
ClassicCount Dooku
36%
JakkuEGL-21 "Amps"
36%
TakodanaHURID-327
36%
TakodanaME-8D9
36%
First OrderO-MR1
36%
ResistancePZ-4CO
36%
ResistancePZ-99
36%
ResistanceR2-KT
36%
OtherR3-Z3
36%
ClassicR5-D8
36%
ClassicRebel Commando
36%
ClassicRebel Fleet Soldier
36%
JakkuUnkar Goon
36%
JakkuUnkar Plutt
36%
JakkuUnkar Thug
36%
ResistanceVL-44
36%
JakkuGTAW-74 "Geetaw"
35%
ClassicK-3PO
35%
ResistanceM9-G8
35%
OtherMSE-E
35%
ClassicR3-A2
35%
ClassicR5-J2
35%
JakkuSN-1F4
35%
RebelsEzra Bridger
34%
ClassicAayla Secura
30%
RebelsC1-10P "Chopper"
30%
ProducerJ.J. Abrams
30%
ClassicLuminara Unduli
30%
ClassicBossk
29%
RebelsHera Syndulla
29%
ClassicImperial Guard
29%
ClassicJar Jar Binks
29%
RebelsKanan Jarrus
29%
RebelsSabine Wren
29%
Clone WarsAsajj Ventress
28%
ClassicIG-88
28%
ClassicDengar
27%
ClassicGreedo
27%
ClassicA-Wing Pilot
26%
ClassicBib Fortuna
25%
First OrderFirst Order TIE Pilot
25%
First OrderFirst Order TIE Pilot (Special Forces)
25%
ClassicJawa
25%
ClassicTIE Interceptor Pilot
25%
RebelsZeb Orrelios
25%
ClassicAT-ST Pilot
23%
Clone WarsShaak Ti
23%
ClassicRancor
22%
Clone WarsCad Bane
21%
ClassicCaptain Panaka
21%
ClassicGray Squadron Pilot
21%
KanjiklubKanjiklub Gang Member
21%
KanjiklubKanjiklub Sniper
21%
ProducerKathleen Kennedy
21%
ResistanceResistance X-Wing Pilot
20%
Clone WarsSavage Opress
20%
Guavian Death GangGuavian Gunner
19%
Guavian Death GangGuavian Security Soldier
19%
Clone WarsBarriss Offee
18%
Classic | ResistanceNien Nunb
18%
Guavian Death GangBala-Tik
17%
ClassicTusken Raider
17%
JakkuLor San Tekka
16%
ResistanceResistance General
15%
ClassicWampa
15%
ClassicWatto
15%
ClassicWedge Antilles
15%
ClassicGamorrean Guard
14%
ClassicMax Rebo
13%
KanjiklubTasu Leech
13%
ClassicZam Wesell
13%
First OrderBazine Netal
12%
ResistanceEllo Asty
12%
ClassicLobot
12%
TakodanaGrummgar
11%
ClassicLogray
11%
Freemaker AdventuresRowan Freemaker
11%
JakkuDasha Promenti
10%
Freemaker AdventuresR0-GR "Roger"
10%
ResistanceSnap Wexley
10%
OtteganOttegan Acolyte
9%
OtteganOttegan Warrior
9%
ClassicSaesee Tiin
9%
TakodanaSidon Ithano
9%
JakkuTeedo
9%
ResistanceAdmiral Statura
7%
Clone WarsAurra Sing
7%
JakkuBobbajo
7%
Clone WarsHondo Ohnaka
7%
JakkuIlco Munica
7%
ResistanceJessika Pava
7%
ClassicOola
7%
RebelsSeventh Sister
7%
Freemaker AdventuresZander Freemaker
7%
ClassicBith
6%
ResistanceCaluan Ematt
6%
First OrderFirst Order Fleet Engineer
6%
ResistanceGoss Toowers
6%
ResistanceKaydel Ko Connix
6%
OtherAdan Mose
5%
Freemaker AdventuresKordi Freemaker
5%
ResistanceMajor Brance
5%
TakodanaQuiggold
5%
ClassicUgnaught
5%
JakkuAthgar Heece
4%
Freemaker AdventuresBaash
4%
TakodanaBlass Tyran
4%
ResistanceBollie Prindel
4%
ClassicBoushh
4%
First OrderChief Petty Officer Unamo
4%
JakkuConstable Zuvio
4%
TakodanaCratinus
4%
KanjiklubCrokind Shand
4%
OtherCroll Jenkins
4%
JakkuCrusher Roodown
4%
JakkuDavan Marak
4%
ClassicDeath Star Trooper
4%
OtherGaff Kaylek
4%
Freemaker AdventuresGraballa the Hutt
4%
JakkuHobin Carsamba
4%
JakkuHoogenz
4%
TakodanaInfrablue Zedbeddy Coggins
4%
OtherKinn Zih
4%
ResistanceKorr Sella
4%
ResistanceLieutenant Bastian
4%
First OrderLieutenant Mitaka
4%
ResistanceMajor Kalonia
4%
TakodanaMi'no Teest
4%
JakkuMonn Tatth
4%
First OrderOfficer Sumistu
4%
OtherOphi Egra
4%
TakodanaOskus Stooratt
4%
OtherOzeer Tenzer
4%
OtherQuinar
4%
JakkuSarco Plank
4%
JakkuStrus Clan Raider
4%
First OrderColonel Datoo
3%
TakodanaGA-97
3%
TakodanaJashco Phurus
3%
ClassicMalakili
3%
Freemaker AdventuresNaare
3%
ResistancePamich Nerro Goode
3%
First OrderPetty Officer Thanisson
3%
TakodanaPrashee
3%
OtteganPraster Barrun
3%
OtteganPraster Ommlen
3%
TakodanaPru Sweevant
3%
Freemaker AdventuresRaam
3%
KanjiklubRazoo Qin-Fee
3%
JakkuStrus Clan Leader
3%
JakkuTaryish Juhden
3%
TakodanaTrinto Duaba
3%
TakodanaVarmik
3%
OtherVarond Jelik
3%
ClassicZev Senesca
3%
Resistance2MED2
2%
ResistanceB-U4D
2%
ResistanceC'ai Threnalli
2%
Dejarik PiecesKintan Strider
2%
First OrderLieutenant Rodinon
2%
ResistanceLieutenant Wright
2%
Dejarik PiecesMantellian Savrip
2%
JakkuNaka Iit
2%
JakkuOhn Gos
2%
TakodanaRosser Weno
2%
ResistanceSache Skareet
2%
TakodanaStrono Tuggs
2%
TakodanaSudswater Dilifay Glon
2%
TakodanaTaybin Ralorsa
2%
First OrderTechnician Mandetat
2%
TakodanaThromba
2%
TakodanaLaparo
1%
Dejarik PiecesMolator
1%
Dejarik PiecesMonnok
1%
ResistanceTrentus Savay
1%
TakodanaUbert "Sticks" Quaril
1%
KanjiklubVolzang Li-Thrull
1%
TakodanaWi'ba Tuyll
1%
OtherZylas
1%
TakodanaWollivan
0%

Score Distribution

Percentile by Number Answered

Percent of People with Each Score

Your Score History

You have not taken this quiz